000 01082amm a2200349 4500
008 070417s2007 o d cat d
020 _a8448249014
041 _acat
041 _bspa
041 _beng
041 _bita
041 _bpor
041 _bfre
100 _975289
_aFuster Muñoz, Josep
245 _aVocabulari d'atletisme
_h[en línia]
_cJosep Fuster Muñoz; Josep Sendra Chesa; Laia Martín Úbeda
260 _aValència
_bGeneralitat Valenciana
_c2007
300 _a95 p.
_b1 document PDF
500 _aCategoria gramatical, remissions
520 _aaprox. 600
546 _acatalà
592 _aObra terminològica
593 _aVCA
650 _aatletisme
_960777
700 _975290
_aSendra Chesa, Josep
700 _975291
_aMartín Úbeda, Laia
856 _uhttps://ceice.gva.es/documents/161863132/162994880/vocabulari_atletisme.pdf/026797db-fdb0-44c9-8cd7-5fc6af82fef7
901 _c[<2007>]
902 _a070417
942 _cMO
_n0
_2ddc
999 _c68481
_d68481